000 00590nam a22001937a 4500
005 20100727153746.0
010 _aENG-97053
020 _a9788190784467
_c175.00
035 _aEN-80586
037 _bDBAD/PUB
082 _a546
100 _aRaja, G
_92478
245 _aInorganic chemistry /
_cby G, Raja
260 _aNamakkal
_bPerumal Publications
_c2009
270 _bNamakkal
_e637018
300 _a150p.:
_bill.
_c20cm (pbk)
942 _2ddc
_cEN
_h546
_mRAJ
999 _c37976
_d37976